Porovnanie účinnosti a bezpečnosti monoterapie a kombinovanej farmakoterapie schizoafektívnej poruchy (depresívny typ) : dizertačná práca 2007

Bibliographic Details
Main Author: Izáková, Ľubomíra, 1974- (Author)
Format: Book
Language:Slovak
PhysicalDescription:88 s. grafy, tab. 21 cm
Published: [Bratislava] Zuzana Číčelová 2007
ISBN:9788096950539
Edition:1. vyd.
Series:Kapitoly modernej psychiatrie
Subjects:

MARC

LEADER 00000nam a2200000 a 4500
001 vtls009166724
003 SK-MaSNL
005 20260301170608.0
008 240318s2007 xo dl d 000 0 slo
015 |a SNBA2007/12-05830 
020 |a 9788096950539  |q (brož.) 
035 |a 0923E53F-6605-4B0B-B490-D3419C1573EA 
035 |a urn:nbn:sk:snk-aml0cg 
035 |a urn:nbn:sk:snk-am008ngy 
040 |a SNK  |b slo  |c SNK  |e AACR2 
041 0 |a slo 
044 |a xo  |c SK 
072 7 |a 616.89  |x Psychiatria  |2 konspekt 
080 |a 616.895.8  |2 2001 
080 |a 616-08:615.2/.3  |2 2001 
080 |a (043.3)  |2 2001 
080 |a (048.8)  |2 2001 
080 |a 616.895.4  |2 2001 
100 1 |a Izáková, Ľubomíra,  |d 1974-  |4 aut  |9 224155 
245 1 0 |a Porovnanie účinnosti a bezpečnosti monoterapie a kombinovanej farmakoterapie schizoafektívnej poruchy (depresívny typ) : dizertačná práca 2007  |c Ľubomíra Izáková 
250 |a 1. vyd. 
260 |a [Bratislava]  |b Zuzana Číčelová  |c 2007 
300 |a 88 s.  |b grafy, tab.  |c 21 cm 
490 1 |a Kapitoly modernej psychiatrie 
500 |a Miesto vyd. podľa ISBN 
500 |a Vydané pre Lundbeck Slovensko s.r.o. 
504 |a Bibliogr. s. 75-81 
650 0 7 |a schizofrénia  |2 SNKPH  |9 13590 
650 0 7 |a farmakoterapia  |2 SNKPH  |9 14158 
650 0 7 |a depresie  |2 SNKPH  |9 30104 
655 7 |a dizertácie  |2 SNKPH  |9 70277 
655 7 |a štúdie  |2 SNKPH  |9 57033 
830 0 |a Kapitoly modernej psychiatrie  |9 304942 
919 |a 978-80-969505-3-9 
958 |a NB 
958 |a MI 
958 |a OND 
968 |d 61 
999 |c 828107  |d 830037 
952 |a SNK  |b SNK  |y PREZ  |7 0  |p 17A0573581  |o snkSC 130152  |i snk2007/27151  |8 0  |0 0  |1 0  |4 0  |d 2007-12-12  |f 1  |l 0  |r 2025-06-19 00:00:00  |w 2026-02-24 
952 |a SNK  |b SNK  |y VYP  |7 0  |p 17A0573582  |o snkSC 130152 D1  |i snk2007/27152  |8 0  |0 0  |1 0  |4 0  |d 2007-12-12  |l 0  |r 2026-02-24 03:28:00  |w 2026-02-24